Statistics for Countries of the New Seven Wonders of the World

Click here to take the quiz!

General Stats

  • This quiz has been taken 115 times
  • The average score is 7 of 8

Answer Stats

WonderCountry% Correct
Great Wall of ChinaChina
94%
Great Pyramid of GizaEgypt
94%
The ColosseumItaly
88%
Christ the RedeemerBrazil
85%
Taj MahalIndia
83%
Machu PicchuPeru
80%
Chichen ItzaMexico
76%
PetraJordan
52%

Score Distribution

Percentile by Number Answered

Percent of People with Each Score

Your Score History

You have not taken this quiz